000 00466nam a2200169Ia 4500
008 240729s9999 xx 000 0 und d
022 _a2214-4269
245 0 _aMolecular Genetics and Metabolism Reports
260 _aUnited States
260 _bElsevier
650 _a Biology (General)
650 _a Medicine (General) | Science
650 _aMedicine
856 _uhttps://doaj.org/toc/0493e75a446d498897bd06b6add3b00c
942 _2ddc
942 _cDOAJEJ
999 _c71495
_d71495
945 _a1
_bMadushi Gamage
_c1
_dMadushi Gamage